筑前〇〇駅 - Statistics

General Stats
  • This quiz has been taken 32 times
  • The average score is 6 of 9
Answer Stats
Answer % Correct
筑前前原
97%
筑前深江
87%
筑前垣生
60%
筑前大分
57%
筑前植木
53%
筑前庄内
53%
筑前山家
50%
筑前山手
50%
筑前内野
47%
No matching quizzes found
Score Distribution
Percent of People with Each Score
Percentile by Number Answered
Your Score History
You have not taken this quiz